NEPAD : (Record no. 706)
[ view plain ]
| 000 -LEADER | |
|---|---|
| fixed length control field | 00955nam a22002532 4500 |
| 001 - CONTROL NUMBER | |
| control field | 0000007217 |
| 005 - DATE AND TIME OF LATEST TRANSACTION | |
| control field | 20151021151112.0 |
| 008 - FIXED-LENGTH DATA ELEMENTS--GENERAL INFORMATION | |
| fixed length control field | 071201s xx 000 0 eng d |
| 020 ## - INTERNATIONAL STANDARD BOOK NUMBER | |
| International Standard Book Number | 9966977201 : |
| Terms of availability | KES |
| 040 ## - CATALOGING SOURCE | |
| Original cataloging agency | KABU |
| Transcribing agency | KABU |
| 111 2# - MAIN ENTRY--MEETING NAME | |
| Meeting name or jurisdiction name as entry element | African Forum for Envisioning Africa |
| Location of meeting | Nairobi : |
| Date of meeting | 2002 : |
| Number of part/section/meeting | 2nd. |
| -- | 0000158361 |
| 245 10 - TITLE STATEMENT | |
| Title | NEPAD : |
| Remainder of title | a new path? / |
| Statement of responsibility, etc. | ed. by Peter Anyang' Nyongo, Aseghedech Ghirmazion, Davinder Lamba. |
| 260 ## - PUBLICATION, DISTRIBUTION, ETC. (IMPRINT) | |
| Place of publication, distribution, etc. | Nairobi : |
| Name of publisher, distributor, etc. | Heinrich Boll Foundation, |
| Date of publication, distribution, etc. | 2002. |
| 300 ## - PHYSICAL DESCRIPTION | |
| Extent | viii, 350 p. |
| 650 #0 - SUBJECT ADDED ENTRY--TOPICAL TERM | |
| Topical term or geographic name as entry element | New Partnership for Africa's Development. |
| -- | 0000158362 |
| 650 #0 - SUBJECT ADDED ENTRY--TOPICAL TERM | |
| Topical term or geographic name as entry element | Africa |
| Topical term following geographic name as entry element | Economic policy. |
| -- | 0000158363 |
| 650 #0 - SUBJECT ADDED ENTRY--TOPICAL TERM | |
| Topical term or geographic name as entry element | Africa |
| Topical term following geographic name as entry element | Foreign economic relations. |
| -- | 0000158364 |
| 700 1# - ADDED ENTRY--PERSONAL NAME | |
| Personal name | Nyongo, Peter Anyang'. |
| -- | 0000158365 |
| 700 1# - ADDED ENTRY--PERSONAL NAME | |
| Personal name | Ghirmazion, Aseghedech. |
| -- | 0000158366 |
| 700 1# - ADDED ENTRY--PERSONAL NAME | |
| Personal name | Lamba, Davinder. |
| -- | 0000158367 |
| 908 ## - PUT COMMAND PARAMETER (RLIN) | |
| Put command parameter | 071201 |
| 950 ## - LOCAL HOLDINGS (RLIN) | |
| -- | 1 |
| Withdrawn status | Lost status | Source of classification or shelving scheme | Not for loan | Home library | Current library | Date acquired | Total Checkouts | Full call number | Barcode | Date last seen | Price effective from | Koha item type |
|---|---|---|---|---|---|---|---|---|---|---|---|---|
| Library of Congress Classification | Kabarak, Main Campus | Kabarak, Main Campus | 17/12/2015 | HC800 A37 2002 | 011404 | 02/08/2024 | 17/12/2015 | General Collection | ||||
| Library of Congress Classification | Kabarak, Main Campus | Kabarak, Main Campus | 17/12/2015 | HC800 A37 2002 | 011403 | 17/12/2015 | 17/12/2015 | Africana Collection | ||||
| Library of Congress Classification | Kabarak, Nakuru City Campus | Kabarak, Nakuru City Campus | 21/10/2015 | HC800 A37 2002 | 011429 | 21/10/2015 | 21/10/2015 | General Collection |